Flight speeds and mechanical power outputs of the necter-feeding bat, Leptonycteris curasoae (<Phyllostomidae: Glossophaginae>) (Registro nro. 10666)

Detalles MARC
000 -CABECERA
Campo de control 007040000a22002050004500
090 ## - CLASIFICACIÓN LOCAL
Colección AR
Consecutivo 01585
041 0# - IDIOMA
Código de idioma para texto/pista de sonido o título separado
100 1# - ASIENTO PRINCIPAL--NOMBRE PERSONAL
Nombre personal Sahley, Catherine T.
245 10 - MENCION DE TITULO
Título Flight speeds and mechanical power outputs of the necter-feeding bat, Leptonycteris curasoae (<Phyllostomidae: Glossophaginae>)
650 14 - ASIENTO SECUNDARIO DE MATERIA - TERMINO TEMATICO
Término temático o nombre geográfico como elemento de entrada Morfología animal
650 14 - ASIENTO SECUNDARIO DE MATERIA - TERMINO TEMATICO
Término temático o nombre geográfico como elemento de entrada Murciélagos
650 14 - ASIENTO SECUNDARIO DE MATERIA - TERMINO TEMATICO
Término temático o nombre geográfico como elemento de entrada Alas
650 14 - ASIENTO SECUNDARIO DE MATERIA - TERMINO TEMATICO
Término temático o nombre geográfico como elemento de entrada Adaptación biológica
651 #4 - ASIENTO SECUNDARIO DE MATERIA - NOMBRE GEOGRAFICO
-- México
653 ## - TERMINO DE INDIZACION - NO CONTROLADO
-- Leptonycteris
-- Leptonycteris curasoae
700 1# - ASIENTO SECUNDARIO - NOMBRE PERSONAL
Nombre personal Fleming, Theodore H.
700 1# - ASIENTO SECUNDARIO - NOMBRE PERSONAL
Nombre personal Horner, Margaret A.
773 1# - Item fuente:
Título Journal of Mammalogy
Especificación de materiales 106
Descripción física 3
Paginas del Articulo 594-600
Lugar, editorial y fecha de publicación 1993
Información sobre la relación 74
942 ## - ELEMENTOS ADICIONALES (KOHA)
Tipo de ítem Artículo
Existencias
Withdrawn status Lost status Damaged status No para préstamo Colección Ubicación Permanente Ubicación actual Fecha de adquisición Datos de publicación Seriada Total Checkouts Número topográfico Inventario / Código de Barras Date last seen Ejemplar Price effective from Forma de adquisición Tipo de material
      No para Préstamo Hemeroteca Bogotá Bogotá 27/02/2015 Fuera de circulación   AR 01585 011945 25/03/2015 1 25/03/2015   Artículo